00932nam a2200289uu 450000100070000000500170000700700100002400700030003400800410003703500110007804000130008904100080010208000070011010000330011724500130015026000450016350000220020852001740023065000270040465000210043165000320045265000190048470000330050370000360053670000310057270000390060398453220260507072857.0h |||||||td060717uuuuuuuuu spa  a984532 ccomduadb aspa aHS10aIragorri, Fernando4auteaut10aJusticia aAntioquia :bImprenta del Estado,c1877. ahay más firmas.3 aAlgunos liberales declaran que dan un voto de aprobación al General Tomas Rengifo, pues consideran que cumplio con sus deberes como Prefecto del Departamento del Sur.  aElecciones - Antioquia aTrujillo, Julian aPartido Liberal - Antioquia aRengifo, Tomas10aBaraya, Jose Maria4auteaut10aRuiz Quintero, Felipe4auteaut10aAgudelo, Avelino4auteaut10aBarrera, Manuel de Jesus4auteaut